Animal lingüístico. (Registro nro. 2638)

Detalles MARC
000 -LEADER
fixed length control field 01349nam a2200205 a 4500
008 - CAMPO DE CONTROL (LIBRO)
fixed length control field 180206e2003 ag ||||| |||| 00| p spa d
020 ## - INTERNATIONAL STANDARD BOOK NUMBER
ISBN 9506947007
041 ## - CODIGO DE IDIOMA
Código de idioma del texto/pista de sonido o título separado spa
092 ## - SIGNATURA TOPOGRAFICA DEWEY LOCAL
número de clasificación 808.8
libristica 26
sección FON
100 1# - ENTRADA PRINCIPAL--NOMBRE PERSONAL
Nombre personal Fonseca, Ricardo
9 (RLIN) 3289
245 ## - TITULO PROPIAMENTE DICHO
Título Animal lingüístico.
Subtítulo y Título paralelo Poemas y canciones /
Mención de responsabilidad y remanente de la transcripción de la portada Ricardo Fonseca
250 ## - MENCION DE EDICION
Mención de edición 1a ed.
260 ## - PIE DE IMPRENTA
Lugar de publicación, distribución, etc Buenos Aires:
Nombre de la editorial, distribuidor, etc Nuevo Hacer;
Fecha de publicación 2003.
300 ## - DESCRIPCION FISICA
Extension 351 p.
500 ## - NOTA GENERAL
Nota general Fonseca, R. (2003). Animal lingüístico. Poemas y canciones. (1a ed.). Buenos Aires : Nuevo Hacer.
505 ## - NOTA DE CONTENIDO
Nota de contenido formateada Animal lingüístico es una antología personal de poemas y canciones extraídos, robado del lenguaje común y alimentados de entrañables y numerosas voces de poetas y narradores/as latinoamericanos, facilitadores a su vez de ese intento inconcluso y quizá vano de querer decir lo indecible. De ese barrer en la oscuridad que supone el provocar y el ser provocado por las palabras para que expresen algo de lo mucho que silencian. Claro que el viento, el agua, el día, la noche, los sueños y ensueños, también pasan y transcurren por estos artefactos lingüísticos que, al contacto con sus posibles lectores, ojalá emitan mínimas señales de lo que, por acostumbradora complicidad, llamamos poesía.
590 ## - NOTAS LOCALES (RLIN)
Nota local DONACION MARIA VITARELLI DIC/2017.
655 ## - MATERIA - GENERO/FORMA
Género/Forma Literatura
-- 2917
942 ## - ADDED ENTRY ELEMENTS (KOHA)
Source of classification or shelving scheme Dewey Decimal Classification
Item type LITERATURA
Existencias
Estado de retiro Existencia Fuente de clasificación Estado general No para prestamo Ubicación permanente ubicación actual Sala de ubicación Fecha de adquisición Fuente de adquisición Total Checkouts Número de clasificación Código de barras Date last seen Número de ejemplar Price effective from Koha tipo de elemento (item) Public note
    Dewey Decimal Classification     Biblioteca Medicina Biblioteca Medicina Circulación 06/02/2018 Donacion   808.8 26 FON 4140 06/02/2018 Ej. 1 06/02/2018 LITERATURA DONACION MARIA VITARELLI DIC/2017.

UNIVERSIDAD NACIONAL DEL COMAHUE
Biblioteca de la Facultad de Ciencias Médicas
Sede Toschi: Los Arrayanes y Av. Toschi, Cipolletti  - Rio Negro
Sede Los Tordos:  Yrigoyen al 2211, Cipolletti - Rio Negro 

Teléfono: 0299 - 4774707 int 25
Contacto: biblioteca@facimed.uncoma.edu.ar
© 2011 - 2026